000 01322nam0a2200385 4500
001 RU\NLR\bibl\378976
005 20250622152855.0
010 _a5-8268-0577-3
_9100
021 _aRU
_b2002-65729
_93190
035 _a(NLR Aleph) 000373410
090 _a410019
_c410019
100 _a20030220d2002 |||y0rusy50 ca
101 0 _arus
102 _aRU
105 _aa |||||||||
200 1 _aКонцепция эффективной системы непрерывного образования
_fЕ. Д. Липкина
210 _aОмск
_cИзд-во ОмГПУ
_d2002
215 _a139 с.
_cил.
_d21
320 _aБиблиогр.: с. 136-138
606 0 _aВысшая школа
_xСвязь с производством
_91332979
_3RU\NLR\auth\66239748
606 0 _aНепрерывное образование
_91703073
_3RU\NLR\auth\66758333
610 0 _aПреемственность в обучении
610 0 _aВысшее образование
675 _a378.1
_v3
_zrus
686 _a14.35
_2rugasnti
686 _a74.58
_2rubbk
686 _aЧ484(2)7
700 1 _aЛипкина
_bЕ. Д.
_4070
801 0 _aRU
_bRKP
_c20030220
_gPSBO
801 1 _aRU
_bRKP
_c20030220
801 2 _aRU
_bNLR
_c20030407
_grcr
942 _cBOOK
980 _aNB
980 _aNBR